Factorazations of b[superscript n] [plus or minus symbol] 1, b=2, 3, 5, 6, 7, 10, 11, 12 up to high powers
Αποθηκεύτηκε σε:
| Άλλοι συγγραφείς: | |
|---|---|
| Μορφή: | Βιβλίο |
| Γλώσσα: | English |
| Δημοσίευση: |
Providence, Rhode island :
American Mathematical Society,
c1988
|
| Έκδοση: | 2nd ed. |
| Σειρά: | Contemporary mathematics (American Mathematical Society) ;
; 22 |
| Θέματα: | |
| Ετικέτες: |
Προσθήκη ετικέτας
Δεν υπάρχουν, Καταχωρήστε ετικέτα πρώτοι!
|
MARC
| LEADER | 00000nam a2200000 i 4500 | ||
|---|---|---|---|
| 001 | 1/4201 | ||
| 008 | 000525s1988 eng d | ||
| 020 | |a 0821850784 | ||
| 035 | |l 10061071 | ||
| 040 | |a GR-MY-UA |b gre |e aacr | ||
| 041 | 0 | |a eng | |
| 082 | 0 | |a 512.923 | |
| 245 | 1 | 0 | |a Factorazations of b[superscript n] [plus or minus symbol] 1, b=2, 3, 5, 6, 7, 10, 11, 12 up to high powers / |c John Brillhart...[et al.] |
| 250 | |a 2nd ed. | ||
| 260 | |a Providence, Rhode island : |b American Mathematical Society, |c c1988 | ||
| 300 | |a xcv, 236 p.; |c 26 cm. | ||
| 490 | 1 | |a Contemporary mathematics |v ; 22 | |
| 504 | |a Includes bibliographical references | ||
| 650 | 0 | 0 | |a Factors (Algebra) |x Tables. |
| 700 | 1 | |a Brillhart, John |d 1930- | |
| 830 | 0 | |a Contemporary mathematics (American Mathematical Society) ; |v ; 22 | |
| 852 | |a INST |b SAMOS |e 20000525 |h 512.923 FAC |p 005300017180 |q 005300017180 |t BK |y 0 | ||
| 901 | |a BIBL3-2000-2 | ||
| 909 | |a Σ |b 067910 | ||
| 922 | |a 3ΕΛΗ |b 199911 |c ΕΠΕΑΕΚ/ΜΑΘ |d ΠΑΠΑΣΩΤΗΡΙΟΥ | ||
| 970 | |a ΓΕΝΟΥΖΟΥ |b ΧΡΥΣΑΝΘΗ |z 2000/05/25 | ||